| 000 -LEADER |
| fixed length control field |
nam a22 a 4500 |
| 003 - CONTROL NUMBER IDENTIFIER |
| control field |
AKMAL |
| 005 - DATE AND TIME OF LATEST TRANSACTION |
| control field |
20170509161508.0 |
| 008 - FIXED-LENGTH DATA ELEMENTS--GENERAL INFORMATION |
| fixed length control field |
170509s2009 my e 001 0 may d |
| 020 ## - INTERNATIONAL STANDARD BOOK NUMBER |
| International Standard Book Number |
9789835207136 (kkrs.) : |
| Terms of availability |
RM39.00 |
| 020 ## - INTERNATIONAL STANDARD BOOK NUMBER |
| International Standard Book Number |
9789835207129 (kkt.) : |
| Terms of availability |
RM39.00 |
| 039 #9 - LEVEL OF BIBLIOGRAPHIC CONTROL AND CODING DETAIL [OBSOLETE] |
| Level of rules in bibliographic description |
201212271433 |
| Level of effort used to assign nonsubject heading access points |
manoriah |
| Level of effort used to assign subject headings |
201111011516 |
| Level of effort used to assign classification |
zuraidahs |
| Level of effort used to assign subject headings |
201008131056 |
| Level of effort used to assign classification |
iliza |
| Level of effort used to assign subject headings |
201008131053 |
| Level of effort used to assign classification |
iliza |
| 040 ## - CATALOGING SOURCE |
| Original cataloging agency |
AKMAL |
| Transcribing agency |
AKMAL |
| 049 ## - LOCAL HOLDINGS (OCLC) |
| Holding library |
klpmal |
| 082 04 - DEWEY DECIMAL CLASSIFICATION NUMBER |
| Classification number |
306.42 ZAI |
| Edition number |
22 |
| 090 00 - LOCALLY ASSIGNED LC-TYPE CALL NUMBER (OCLC); LOCAL CALL NUMBER (RLIN) |
| Classification number (OCLC) (R) ; Classification number, CALL (RLIN) (NR) |
306.42 |
| Local cutter number (OCLC) ; Book number/undivided call number, CALL (RLIN) |
ZAI |
| 090 20 - LOCALLY ASSIGNED LC-TYPE CALL NUMBER (OCLC); LOCAL CALL NUMBER (RLIN) |
| Classification number (OCLC) (R) ; Classification number, CALL (RLIN) (NR) |
306.42 |
| Local cutter number (OCLC) ; Book number/undivided call number, CALL (RLIN) |
ZAI |
| 100 0# - MAIN ENTRY--PERSONAL NAME |
| Personal name |
Zaini Ujang, |
| Titles and words associated with a name |
Dato', |
| Dates associated with a name |
1965- |
| 9 (RLIN) |
2960 |
| 245 00 - TITLE STATEMENT |
| Title |
Menghayati budaya ilmu : |
| Remainder of title |
faham ilmu, amalan dan panduan / |
| Statement of responsibility, etc. |
Zaini Ujang |
| 250 ## - EDITION STATEMENT |
| Edition statement |
Ed. ke-2 |
| 260 ## - PUBLICATION, DISTRIBUTION, ETC. |
| Place of publication, distribution, etc. |
Skudai, Johor : |
| Name of publisher, distributor, etc. |
Penerbit Universiti Teknologi Malaysia, |
| Date of publication, distribution, etc. |
2009 |
| 300 ## - PHYSICAL DESCRIPTION |
| Extent |
xviii, 155ms. ; |
| Dimensions |
24cm. |
| 500 ## - GENERAL NOTE |
| General note |
Mengandungi indeks |
| 504 ## - BIBLIOGRAPHY, ETC. NOTE |
| Bibliography, etc. note |
Bibliografi: ms. 145 |
| 650 10 - SUBJECT ADDED ENTRY--TOPICAL TERM |
| Topical term or geographic name entry element |
Knowledge, Sociology of |
| 9 (RLIN) |
830 |
| 650 20 - SUBJECT ADDED ENTRY--TOPICAL TERM |
| Topical term or geographic name entry element |
Knowledge, Theory of |
| Geographic subdivision |
Malaysia |
| 9 (RLIN) |
466 |
| 650 20 - SUBJECT ADDED ENTRY--TOPICAL TERM |
| Topical term or geographic name entry element |
Knowledge, Theory of (Islam) |
| 9 (RLIN) |
832 |
| 942 ## - ADDED ENTRY ELEMENTS (KOHA) |
| Source of classification or shelving scheme |
|
| Koha item type |
Book |